[Event "EU-chT (Men) 10th"]
[Site "Debrecen"]
[Date "1992.11.??"]
[Round "4.1"]
[White "Lanka, Zigurds"]
[Black "Kortschnoj, Viktor Lvovich"]
[Result "1/2-1/2"]
[WhiteElo "2490"]
[BlackElo "2585"]
[Annotator "Bulletin"]
[PlyCount "95"]
[EventDate "1992.11.20"]
[EventType "team-swiss"]
[EventRounds "9"]
[EventCountry "HUN"]
[SourceTitle "EU-chT"]
[Source "ChessBase"]
[SourceDate "1999.07.01"]
[SourceVersion "2"]
[SourceVersionDate "1999.07.01"]
[SourceQuality "1"]
[WhiteTeam "Latvia"]
[BlackTeam "Switzerland"]
[WhiteTeamCountry "LAT"]
[BlackTeamCountry "SUI"]

1. e4 e5 2. Nf3 Nc6 3. Bb5 g6 4. c3 (4. d4) 4... a6 5. Bc4 d6 6. d4 Qe7 $5 (
6... Bg7) 7. O-O Bg7 8. h3 h6 $5 (8... Nf6 9. Re1 O-O 10. Bg5 $14) 9. Be3 (9.
dxe5 $6 dxe5 10. b3 Be6 $10) 9... Nf6 10. Nbd2 O-O 11. Re1 $14 Kh8 (11... Kh7
$5) 12. a4 $1 {/\ a5, Qb3|^<<} b6 13. Qc1 $1 Bd7 (13... Bb7 $5) 14. Bf1 Ng8 (
14... Nh5 $6 15. dxe5 dxe5 16. Nc4 Kh7 17. b4 {/\ 18.a5, 18.b5+/-|^<< פh5})
15. dxe5 dxe5 16. Nc4 {/\ b4, a5} a5 (16... f5 $2 17. exf5 gxf5 18. Nfxe5 $1
Nxe5 19. Bf4 Nf3+ 20. gxf3 $16) 17. b3 $1 Be6 (17... Rfd8 $5 18. Qc2 f6 19. Bc1
h5 $14) 18. Qc2 Rad8 $2 (18... Rfd8 $14) 19. Bc1 $1 $16 {|^/^a3-f8} Qd7 20. Ba3
Rfe8 21. Ne3 $1 {->><b5, d5} Qc8 $8 22. Bb5 Bd7 23. Rad1 Nb8 24. Nc4 $1 Kh7 25.
h4 Bf6 26. Qe2 Bxb5 27. axb5 Qe6 28. h5 $2 (28. g3 $1 {/\ Kg2, Rh1, h5+/-})
28... gxh5 $1 $13 29. Nh2 h4 30. Qh5 (30. Qc2 $142 {/\ Rd5, Ne3~/=}) 30... a4
$1 31. Ne3 $6 (31. Rxd8 Rxd8 32. Ng4 $1 axb3 33. Ncxe5 Bxe5 34. Nxe5 Kg7 $13)
31... axb3 32. Nd5 Rd7 $1 33. Bc1 $2 (33. c4) (33. Ng4 $5) 33... Bd8 $1 $15 {
/\ Qg6<=>>>} 34. Rd3 $1 Qg6 35. Qd1 Bg5 (35... Nf6 $1 36. Nxf6+ Bxf6 37. Rxd7
Rg8 (37... Nxd7 $2 38. Qxd7 Rg8 39. Qh3) 38. Rxf7+ (38. g3 $2 Nxd7 39. Qxd7
hxg3 40. Nf3 gxf2+ 41. Kxf2 b2 $1 $19) 38... Qxf7 $15 {Kortschnoj}) 36. Qxb3 $5
(36. Bxg5 hxg5 37. Ng4 $44) 36... Bxc1 37. Rxc1 Qxe4 38. Rcd1 $44 {|^[+]} Re6 (
38... Qg6 $5) 39. Re3 Qg6 40. Nf3 h3 $1 41. Nh4 Qg5 42. Rxh3 e4 $1 {פh4} 43.
c4 c6 $5 (43... Nf6 44. Ne3 $1 {/\ Nhf5~/=}) 44. bxc6 Nxc6 $1 45. Qxb6 Nce7 $1
(45... Ne5 $6 46. Qd4 $14) 46. Qb3 Nxd5 47. cxd5 Red6 48. f3 $8 {=} (48. f3
Rxd5 (48... e3 49. Re1) (48... exf3 49. Nxf3) 49. Rxd5 Qxd5 50. Qxd5 Rxd5 51.
fxe4 Re5 52. Nf3 $1) 1/2-1/2

[Event "World Cup"]
[Site "Skelleftea"]
[Date "1989.08.??"]
[Round "11"]
[White "Nunn, John DM"]
[Black "Salov, Valery"]
[Result "1/2-1/2"]
[WhiteElo "2620"]
[BlackElo "2645"]
[Annotator "Bulletin"]
[PlyCount "147"]
[EventDate "1989.08.??"]
[EventType "tourn"]
[EventRounds "15"]
[EventCountry "SWE"]
[EventCategory "16"]
[SourceTitle "CBM 014"]
[Source "ChessBase"]
[SourceDate "1990.02.01"]
[SourceVersion "1"]
[SourceVersionDate "1990.02.01"]
[SourceQuality "1"]

1. e4 e5 2. Nf3 Nc6 3. Bb5 g6 4. d4 exd4 5. Bg5 Be7 6. Bxe7 Ngxe7 7. Nxd4 d5 8.
Nc3 dxe4 9. Bxc6+ Nxc6 10. Nxc6 Qxd1+ 11. Rxd1 bxc6 12. Nxe4 {'+/-' Bulletin.}
Bf5 13. O-O O-O 14. Rd4 Kg7 15. f3 Rfe8 16. Rfd1 Rab8 17. b3 Rb5 18. Rc4 Rd5
19. Rd3 Re6 20. Kf2 h6 21. Ra4 Bxe4 22. Rxe4 Kf6 23. Rxe6+ {'?' Bulletin.
Bulletin: '>= 23.Ke3+/-'} Kxe6 24. Ke3 Ra5 25. a4 Rc5 26. c3 Rh5 27. h3 Re5+
28. Kd4 Rg5 29. Kc4 Rxg2 30. Kc5 Rg3 31. Kxc6 Rxh3 32. Kxc7 g5 33. c4 h5 34. c5
g4 35. c6 Rxf3 36. Rxf3 gxf3 37. Kb7 f2 38. c7 f1=Q 39. c8=Q+ Kf6 40. Qc3+ {
'?' Bulletin.} (40. Qh8+ $1 $10) 40... Kf5 41. Qc5+ Kg4 42. Qd4+ Qf4 43. Qg1+
Kf5 44. Qc5+ Kg6 45. a5 h4 46. Qc6+ Kh7 47. Qc2+ f5 48. Qd1 Qg4 49. Qd6 Qg7+
50. Ka8 h3 51. Qf4 Qg4 52. Qc7+ Kh6 53. Qd8 Kh5 54. Qh8+ Kg5 55. a6 Qg2+ 56.
Kxa7 Qg1+ 57. Kb7 h2 58. Qg7+ Kf4 59. Qc7+ Kg4 60. Qc4+ Kh3 61. Qd3+ {Bulletin:
'adj'} Kg4 {'?' Bulletin. Bulletin: 'Abgabezug'} (61... Kh4 $1 $19) 62. Qe2+
Kg5 63. Qe7+ Kf4 64. Qd6+ Ke3 65. Qe5+ Kd2 66. Qd5+ Kc1 67. Qc4+ Kb2 68. Qe2+
Ka3 69. Qe7+ Kxb3 70. Qe6+ Kc3 71. Qe5+ Kb4 72. Qf4+ Kb3 73. Qf3+ Kb2 74. Qe2+
1/2-1/2

[Event "Moscow op2"]
[Site "Moscow"]
[Date "1995.??.??"]
[Round "7"]
[White "Bologan, Viktor"]
[Black "Arkhipov, Sergey"]
[Result "1-0"]
[WhiteElo "2530"]
[BlackElo "2520"]
[Annotator "Chekhov,V"]
[PlyCount "50"]
[EventDate "1995.11.??"]
[EventType "swiss"]
[EventRounds "9"]
[EventCountry "RUS"]
[SourceTitle "CBM 050 Extra"]
[Source "ChessBase"]
[SourceDate "1996.03.01"]
[SourceVersion "1"]
[SourceVersionDate "1996.03.01"]
[SourceQuality "1"]

1. e4 e5 2. Nf3 Nc6 3. Bb5 Nge7 4. Nc3 Ng6 (4... g6 $5) (4... d6 $5) 5. h4 $5 {
N/} (5. d4 exd4 6. Nxd4 Bc5 7. Nb3 (7. Be3 Bb6 8. Qd2 O-O 9. O-O-O Nxd4 10.
Bxd4 d6 11. h4 Bxd4 12. Qxd4 Nxh4 13. Qe3 Ng6 14. Qg3 $132 {Mainka,R-Arkhipov,
S/Lippstadt/1993/0,5/95/}) 7... Bb6 8. O-O O-O 9. Nd5 d6 10. a4 Be6 11. Qd2 (
11. Be2 $5) 11... Nce5 12. Nxb6 axb6 13. Nd4 Bd7 14. Bxd7 Nxd7 15. b3 $14 {
Margolin,B-Arkhipov,S/Alushta/1994/0,5/27/}) 5... Bc5 (5... h5 $5) 6. h5 Nf8 7.
Nxe5 $1 Nxe5 (7... Bxf2+ 8. Kxf2 Nxe5 9. d4 $16) 8. d4 Bd6 9. dxe5 Bxe5 10. f4
Bxc3+ 11. bxc3 Qe7 (11... h6 12. Qg4 $16) 12. h6 $1 (12. Qf3 h6) 12... Rg8 (
12... Qxe4+ 13. Kf2 Qg6 14. hxg7 Qxg7 15. Re1+ Ne6 16. f5 $18) 13. Qf3 a6 14.
Bd3 d6 15. Ba3 Qf6 16. O-O-O $1 $16 gxh6 17. e5 dxe5 18. Rhe1 Nd7 (18... Ng6
19. Bxg6 hxg6 20. Rxe5+ Be6 21. Qxb7 Qxf4+ 22. Kb1 $18) 19. g4 $1 h5 20. Bf5
hxg4 21. Bxg4 Qc6 22. Bxd7+ $18 Bxd7 23. Qxc6 bxc6 24. Rxe5+ Be6 (24... Kd8 25.
Re7 $18) 25. f5 Rg5 (25... Rg5 26. Rde1 $18) 1-0

[Event "Olympiad-32"]
[Site "Yerevan"]
[Date "1996.10.01"]
[Round "14.1"]
[White "Rozentalis, Eduardas"]
[Black "Sokolov, Ivan"]
[Result "1/2-1/2"]
[WhiteElo "2610"]
[BlackElo "2670"]
[Annotator "Chekhov,V"]
[PlyCount "113"]
[EventDate "1996.09.15"]
[EventType "team-swiss"]
[EventRounds "14"]
[EventCountry "ARM"]
[SourceTitle "CBM 055"]
[Source "ChessBase"]
[SourceDate "1996.12.01"]
[SourceVersion "1"]
[SourceVersionDate "1996.12.01"]
[SourceQuality "1"]
[WhiteTeam "Lithuania"]
[BlackTeam "Bosnia&Herzegovina"]
[WhiteTeamCountry "LTU"]
[BlackTeamCountry "BIH"]

1. e4 e5 2. Nf3 Nc6 3. Bb5 g6 4. d4 exd4 5. Bg5 Be7 6. Bxe7 Qxe7 (6... Ngxe7 $5
) 7. O-O (7. Bxc6 dxc6 8. Qxd4 Nf6 9. Nc3 Bg4 10. Nd2 O-O 11. h3 Be6 12. O-O-O
Rfd8 13. Qe3 b5 $132 {Psakhis,L-Smyslov,V/Rostov/1993/0,5/64/}) 7... Qc5 (7...
Qb4 8. c4 (8. Bxc6 $5 dxc6 9. Qxd4) 8... Qxb2 9. Nbd2 Nge7 10. e5 O-O 11. Rb1
Qa3 12. Rb3 Qa5 13. Qc1 d6 14. Ne4 Kg7 15. Ra3 Qb6 16. Qg5 $36 {Lengyel,
B-Tseitlin,M/Budapest/1993/1|0/32/}) 8. Bxc6 dxc6 9. Qxd4 Qxd4 10. Nxd4 Bd7 11.
Nc3 O-O-O 12. Rad1 (12. f4 Ne7 13. h3 $6 Bxh3 14. Nxc6 Nxc6 15. gxh3 Nd4 $15 {
Maus,S-Tseitlin,M/Budapest/1990/0|1/34/}) 12... Ne7 (12... Nh6 $5 13. f3 Rhe8
14. Kf2 f6 15. Rd2 Nf7 16. Rfd1 Nd6 17. b3 Re5 $10 {De Firmian,
N-Azmaiparashvili,Z/Moscow/1990/0,5/49/}) 13. f3 c5 14. Nde2 b6 15. Rd2 Nc6 16.
Rfd1 f5 17. exf5 Bxf5 18. Nd5 (18. Ng3 $5 Rxd2 19. Rxd2 Bd7 20. Nce4 Rf8 21.
Kf2 a5 $132) 18... g5 19. Kf2 Kb7 20. Ne3 Rxd2 21. Rxd2 Be6 22. a3 Rf8 23. Kg3
Ne5 (23... h5 24. h4 $16) 24. Nc3 Kc6 25. Ne4 h6 26. h3 c4 (26... b5 $5 27. c3
a5 $132) 27. Ng4 Bxg4 (27... Nxg4 28. hxg4 Bd5 (28... a5 29. Rd1 b5 30. Rh1 Rh8
31. Nxg5 $18) 29. Nc3 Be6 30. Rd1 b5 31. Rh1 Rf6 32. Ne4 Rg6 33. c3 a5 $132)
28. hxg4 b5 29. Nc3 (29. Rd1 Re8 30. Rh1 Re6 $132) 29... a6 (29... a5 $2 30.
Rd5 b4 31. Rxe5 bxc3 32. bxc3 $18) (29... Nf7 30. Re2 Nd6 31. Re6 $16) 30. Rd5
Re8 31. Kf2 Nd7 32. Rf5 Re6 33. g3 Nc5 (33... Ne5 $5 34. Rf8 a5 35. Ra8 b4 36.
Ne4 Kb5 $13) 34. f4 a5 $1 35. Kf3 (35. fxg5 hxg5 36. Rxg5 b4 37. axb4 axb4 38.
Ne2 Ne4+ $19) 35... b4 36. axb4 axb4 37. Ne2 Rd6 38. fxg5 hxg5 39. Rxg5 Nd3 $1
(39... Rd2 40. Rf5 b3 (40... Rxc2 $4 41. Nd4+ $18) 41. cxb3 cxb3 42. g5 Rxb2
43. Nd4+ Kd6 44. g6 $16) 40. Ke3 (40. cxd3 cxd3 41. Rh5 d2 42. Rh1 d1=Q 43.
Rxd1 Rxd1 $19) (40. b3 Ne1+ 41. Kf2 Nxc2 42. bxc4 Rd2 $36) 40... Nxb2 41. Nd4+
Kb6 (41... Kd7 42. Rg7+ Kc8 43. Nb5 $132) 42. Rb5+ (42. Rf5 c5 $17) 42... Ka6
43. Rc5 (43. Rxb4 Nd1+ 44. Ke4 Nc3+ 45. Ke5 (45. Ke3 Nd5+ $19) 45... Rd5+ 46.
Ke6 Rxd4 $19) 43... Nd1+ 44. Ke4 Nf2+ 45. Ke3 (45. Kf3 Rxd4 46. Kxf2 Kb6 47.
Rg5 Rd2+ $19) 45... Nxg4+ 46. Ke4 Nf2+ 47. Ke3 Nd1+ 48. Ke4 Nc3+ 49. Ke5 Kb6
50. Rxc4 Rd5+ 51. Ke6 c5 52. Ne2 (52. Rxc3 Rxd4 53. Rf3 c4 54. Ke5 (54. c3 Rd3
$19) 54... Rd2 55. c3 b3 $19) 52... Rd2 53. Nxc3 bxc3 54. Rxc3 Kb5 55. g4 Rg2
56. Kf5 c4 57. g5 (57. g5 Kb4 58. Rf3 Rxc2 59. Rg3 Rf2+ 60. Ke6 c3 $10) 1/2-1/2

[Event "Esbjerg North Sea Cup-03"]
[Site "Esbjerg"]
[Date "1978.07.22"]
[Round "13"]
[White "Westerinen, Heikki MJ"]
[Black "Larsen, Bent"]
[Result "0-1"]
[WhiteElo "2450"]
[BlackElo "2620"]
[Annotator "ChessBase"]
[PlyCount "132"]
[EventDate "1978.07.08"]
[EventType "tourn"]
[EventRounds "13"]
[EventCountry "DEN"]
[EventCategory "7"]
[SourceTitle "MCL"]
[Source "ChessBase"]
[SourceDate "1999.07.01"]
[SourceVersion "1"]
[SourceVersionDate "1999.07.01"]
[SourceQuality "1"]

1. e4 e5 2. Nf3 Nc6 3. Bb5 Nge7 4. O-O Ng6 5. c3 d6 6. d4 Bd7 7. d5 $5 Nb8 8.
Qb3 (8. Bxd7+ Nxd7 9. c4 Be7 10. Nc3 O-O 11. Be3 $14) 8... Qc8 9. Na3 Be7 10.
Bxd7+ Nxd7 11. Nc4 Nh4 12. Nxh4 Bxh4 13. f4 exf4 14. Bxf4 O-O 15. e5 dxe5 16.
Bxe5 $5 a5 $1 {= Larsen} 17. Bd4 a4 18. Qc2 Ra6 19. Ne3 Qd8 20. Rad1 Bf6 21.
Bxf6 Nxf6 22. c4 Qe7 23. Qc3 Qc5 24. Qd4 $22 {?} Qxd4 25. Rxd4 Re8 26. Rd3 Ne4
$15 27. Nd1 Nc5 28. Rdf3 $6 f6 29. Re3 Rxe3 30. Nxe3 Kf7 31. Rb1 h5 32. Kf2 f5
33. Ke2 g6 34. Nc2 Ra8 35. Re1 h4 36. h3 $2 Rb8 $5 37. Ke3 Ne4 38. Kd4 c5+ $1
39. Kd3 b5 40. b3 b4 41. Rb1 a3 $17 (41... Ra8 42. a3 $10) 42. Rf1 Kf6 43. Ne3
Nc3 (43... Ke5 $1 44. Nd1 Kd6 45. Ne3 Rh8 46. Nd1 Rh5 47. Ne3 Rg5 $1 $17) 44.
Ng4+ Kg7 45. Ne5 Nxa2 46. Nd7 Rc8 47. Nb6 Re8 48. Na4 Nc3 49. Nxc5 (49. Nxc3
bxc3 50. Ra1 f4 51. Rxa3 Re3+ 52. Kc2 Rg3 $19) 49... Re2 50. Na6 Rxg2 51. Nxb4
(51. d6 Ne4 52. c5 a2 53. Kd4 Nd2 $19) 51... Ne4 $19 52. Kd4 Nd2 53. Rd1 Nxb3+
54. Kc3 Nc5 55. Kd4 Nb3+ 56. Kc3 Rg3+ 57. Kc2 Nc5 58. d6 Rg2+ 59. Kc3 Ne4+ 60.
Kb3 Rg3+ 61. Nd3 Nc5+ 62. Kxa3 Kf6 63. Kb4 Rxd3 64. Ra1 Ne6 65. c5 g5 66. Ra6
Ke5 0-1

[Event "Moscow-A"]
[Site "Moscow"]
[Date "1989.??.??"]
[Round "?"]
[White "Murey, Jacob"]
[Black "Dreev, Alexey"]
[Result "1-0"]
[WhiteElo "2560"]
[BlackElo "2520"]
[Annotator "ChessBase"]
[PlyCount "61"]
[EventDate "1989.05.??"]
[EventType "tourn"]
[EventRounds "11"]
[EventCountry "URS"]
[EventCategory "11"]
[SourceTitle "CBM 014"]
[Source "ChessBase"]
[SourceDate "1990.02.01"]
[SourceVersion "1"]
[SourceVersionDate "1990.02.01"]
[SourceQuality "1"]

1. e4 e5 2. Nf3 Nc6 3. Bb5 Nge7 4. Nc3 g6 5. d4 exd4 6. Nd5 Bg7 7. Bg5 h6 8.
Bf6 Bxf6 9. Nxf6+ Kf8 10. Nxd4 Kg7 11. Qd2 $1 Ng8 (11... Kxf6 $2 12. Qc3 Nxd4 (
12... Ne5 13. f4 d6 14. fxe5+ dxe5 15. O-O-O $40) 13. Qxd4+ Ke6 14. Bc4+ d5 15.
exd5+ Kd7 16. O-O-O $40) 12. Nd5 Nf6 13. Nc3 Nh5 14. g4 Qg5 $2 {14...Nf4+/-}
15. Qxg5 hxg5 16. Bxc6 dxc6 17. gxh5 $18 Rxh5 18. f3 g4 19. Kf2 Rh3 20. fxg4
Bxg4 21. Rag1 Rd8 22. Rxg4 Rxd4 23. Kg2 Re3 24. Rf1 Rb4 25. Rf2 f5 26. Rgf4
fxe4 27. a3 Rd4 28. Ne2 Rd7 29. Ng3 Re7 30. Rg4 Kh7 31. Rff4 1-0

[Event "Khanty-Mansiysk FIDE GP (Women)"]
[Site "Khanty-Mansiysk"]
[Date "2014.04.16"]
[Round "7"]
[White "Kosintseva, Tatiana"]
[Black "Stefanova, Antoaneta"]
[Result "1/2-1/2"]
[WhiteElo "2496"]
[BlackElo "2489"]
[Annotator "ChessBase Website"]
[PlyCount "71"]
[EventDate "2014.04.09"]
[EventType "tourn"]
[EventRounds "11"]
[EventCountry "RUS"]
[EventCategory "10"]
[SourceTitle "CBM 160"]
[Source "ChessBase"]
[SourceDate "2014.05.15"]
[SourceVersion "1"]
[SourceVersionDate "2014.05.15"]
[SourceQuality "1"]
[TimeControl "40/5400+30:1800+30"]
[WhiteClock "1:30:00"]
[BlackClock "1:30:00"]

1. e4 {[%emt 0:00:00]} e5 {[%emt 0:00:00]} 2. Nf3 {[%emt 0:00:00]} Nc6 {
[%emt 0:00:00]} 3. Bb5 {[%emt 0:00:00]} g6 {[%emt 0:00:00]} 4. d4 {[%emt 0:03:
20]} exd4 {[%emt 0:00:00]} 5. Bg5 {[%emt 0:00:40]} Be7 {[%emt 0:00:07]} 6. Bxe7
{[%emt 0:00:09]} Qxe7 {[%emt 0:00:04]} 7. Bxc6 {[%emt 0:00:40]} dxc6 {[%emt 0:
01:11]} 8. Qxd4 {[%emt 0:00:28]} Nf6 {[%emt 0:00:11]} 9. Nc3 {[%emt 0:00:44]}
Bg4 {[%emt 0:00:34]} 10. O-O-O {[%emt 0:04:00]} (10. Nd2 c5 11. Qe3 O-O-O 12.
h3 Bd7 13. O-O-O Bc6 14. Rhe1 Rhe8 15. f3 b6 16. Qg5 Nh5 17. Qxe7 Rxe7 18. Nc4
Rxd1+ 19. Kxd1 Nf4 20. Ne3 f5 21. exf5 gxf5 22. Ne2 Rd7+ 23. Kc1 Nxe2+ 24. Rxe2
f4 25. Ng4 Bb5 26. Re4 Bf1 27. Rxf4 Bxg2 28. h4 Rd4 29. Rf8+ Rd8 30. Rf7 Rd7
31. Rf8+ Rd8 32. Rxd8+ Kxd8 33. f4 Ke7 34. Kd2 Be4 35. c3 Ke6 36. Ne3 a5 37. a3
b5 38. Ke2 h5 39. Kd2 a4 {Ismagambetov,A (2493)-Stevic,H (2607) Dubai 2014 1/
2-1/2}) 10... Bxf3 {[%emt 0:00:54]} 11. gxf3 {[%emt 0:00:05]} O-O {[%emt 0:00:
12]} 12. Qe3 {[%emt 0:07:29]} Rfd8 $146 {[%emt 0:20:44]} (12... Rfe8 13. f4
Rad8 14. f5 a5 15. Rxd8 Qxd8 16. f4 b5 17. Rd1 Qc8 18. Qd4 Nh5 19. fxg6 hxg6
20. f5 b4 21. Na4 Nf4 22. Kb1 Qa6 23. Nc5 Qe2 24. Nd7 Nh5 25. e5 gxf5 26. Rg1+
Kh7 27. Qh4 {1-0 (27) Gopal,G (2604)-Sokolov,I (2654) Sarajevo 2010}) 13. Rxd8+
{[%emt 0:16:36]} Rxd8 {[%emt 0:06:14]} 14. f4 {[%emt 0:12:40]} b6 {[%emt 0:15:
02]} 15. f5 {[%emt 0:04:56]} Re8 {[%emt 0:01:58]} 16. fxg6 {[%emt 0:15:56]}
hxg6 {[%emt 0:00:47]} 17. f4 {[%emt 0:09:46]} Qe6 {[%emt 0:16:19]} 18. e5 {
[%emt 0:08:09]} Nd5 {[%emt 0:02:13]} 19. Qf3 {[%emt 0:00:13]} Nxc3 {[%emt 0:04:
07]} 20. Qxc3 {[%emt 0:00:06]} Qxa2 {[%emt 0:09:10]} 21. b3 {[%emt 0:00:49]
[%csl Ra2] An unusual Spanish variation lead to an unusual game. In the major
piece endgame White tried to trap Black's queen out of activity by sacrificing
a pawn, but Stefanova gave it back to force a drawn rook endgame.} b5 {[%emt 0:
00:06]} 22. Re1 {[%emt 0:06:14]} a5 {[%emt 0:10:42]} 23. f5 {[%emt 0:01:57]} b4
{[%emt 0:02:34]} 24. Qd3 {[%emt 0:01:14]} Qa1+ {[%emt 0:07:02]} 25. Kd2 {
[%emt 0:00:02]} Qc3+ {[%emt 0:00:05]} 26. Qxc3 {[%emt 0:00:08]} bxc3+ {[%emt 0:
00:03]} 27. Kxc3 {[%emt 0:00:10]} gxf5 {[%emt 0:00:02]} 28. Kd4 {[%emt 0:02:30]
} Kg7 {[%emt 0:00:29]} 29. Rf1 {[%emt 0:04:46]} Kg6 {[%emt 0:00:58]} 30. Rg1+ {
[%emt 0:00:06]} Kh6 {[%emt 0:01:23]} 31. Rf1 {[%emt 0:00:33]} Kg5 {[%emt 0:00:
24]} 32. Rg1+ {[%emt 0:00:32]} Kf4 {[%emt 0:00:29]} 33. Rf1+ {[%emt 0:00:09]}
Kg5 {[%emt 0:00:38]} 34. Rg1+ {[%emt 0:00:15]} Kf4 {[%emt 0:00:39]} 35. Rf1+ {
[%emt 0:00:05]} Kg5 {[%emt 0:00:07]} 36. Rg1+ {[%emt 0:00:06]} 1/2-1/2

[Event "Bad Lauterberg Bohemia"]
[Site "Bad Lauterberg"]
[Date "1991.11.10"]
[Round "6"]
[White "Luther, Thomas"]
[Black "Dautov, Rustem"]
[Result "0-1"]
[WhiteElo "2495"]
[BlackElo "2595"]
[Annotator "Dautov,R"]
[PlyCount "82"]
[EventDate "1991.11.05"]
[EventType "tourn"]
[EventRounds "11"]
[EventCountry "GER"]
[EventCategory "10"]
[SourceTitle "CBM 027"]
[Source "ChessBase"]
[SourceDate "1992.04.01"]
[SourceVersion "1"]
[SourceVersionDate "1992.04.01"]
[SourceQuality "1"]

1. e4 e5 2. Nf3 Nc6 3. Bb5 g6 4. d4 exd4 5. Bg5 Be7 6. Bxe7 Qxe7 $2 (6... Ngxe7
$142) 7. Bxc6 dxc6 (7... Qb4+ 8. c3 Qxb2 (8... dxc3 9. bxc3) 9. Qxd4 Qxa1 10.
O-O f6 (10... dxc6 11. Qxh8 Kf8 12. Ng5 Be6 13. Nxe6+ fxe6 14. Qxh7 $18) 11. e5
$1 dxc6 12. exf6 $18) 8. Qxd4 Nf6 9. Nc3 Bg4 (9... O-O 10. O-O-O Be6 11. h3
Rfd8 12. Qe3 b5 13. Ne5 Bd7 14. f4 Be8 15. g4 a5 16. g5 Nh5 17. Ng4 $16 {
Sax-Smyslov,Ney York op 1987}) 10. O-O-O (10. Qe5 $2 Bxf3 11. Qxe7+ Kxe7 12.
gxf3 Nh5 $15) 10... Bxf3 (10... O-O $2 11. e5 $18) 11. gxf3 O-O 12. Qe3 (12. f4
$1 Ng4 $5 13. f3 Rfd8 14. Qg1 Rxd1+ 15. Nxd1 Nf6 16. f5 b6 17. Nc3 Rd8 18. fxg6
hxg6 19. Qg5 $16) 12... Nh5 (12... b5 $2 13. Qg5 b4 14. Na4 $16) 13. f4 b6 (
13... f5 14. exf5 Qxe3+ 15. fxe3 Rxf5 16. Rd7 $16) (13... Qh4 14. f5 gxf5 15.
Rd7 $40 {/\Rg1,Qd4}) 14. f5 Rad8 (14... gxf5 $2 15. Rhg1+ Ng7 16. Qh6 f6 17.
Rd3 $40) 15. Rxd8 $1 (15. fxg6 Rxd1+ 16. Rxd1 fxg6 $132) 15... Rxd8 16. fxg6
hxg6 (16... fxg6 17. f4 Qh4 18. Ne2 Rf8 19. f5 gxf5 20. exf5 Rxf5 21. Nd4 $40)
17. f4 $16 {/\Ne2-g3} Kh7 (17... Qh4 18. Ne2 Re8 19. Qf3 $1 $16 {/\Rd1}) 18.
Rf1 Re8 19. Qf3 Kg7 20. a3 Qh4 21. e5 $4 $138 (21. f5 Qg5+ 22. Kb1 Nf6 23. fxg6
fxg6 24. Qf2 Qe5 $14) (21. Rf2 Nf6 22. e5 Ng4 $132) (21. Ne2 Qe7 (21... Nf6 22.
Ng3 Ng4 23. Rg1 $1 $16) 22. e5 f6 $2 23. Rg1 $16) 21... Qxh2 22. Qxc6 Qh3 $1
$17 23. Rd1 (23. Qf3 Qxf3 24. Rxf3 g5 25. fxg5 Rxe5 26. Rd3 Rxg5 (26... Nf4 27.
Rd7 Ne6 28. Nd5 $10) 27. Rd7 Rc5 28. Ne4 Rc6 29. Ng5 Kf6 30. Nxf7 Ke6 $19)
23... Re6 $2 (23... Qe3+ $142 24. Kb1 Re6 25. Qxc7 Qxf4 26. Rd7 g5 $15) 24.
Qxc7 $2 (24. Qe4 $10) 24... Nxf4 25. Kb1 Qf5 $1 (25... a6 $2 26. Ne4 Qf3 27.
Qxf7+ $1 $10) 26. Rd7 $2 (26. Qxa7 Qxe5 27. Rd7 Qf5 $17) 26... a6 $19 27. Na4
g5 $138 28. Nxb6 Rxb6 29. Qxb6 Qxd7 30. Qf6+ Kg8 (30... Kh7 $142) 31. Qxg5+ Ng6
32. b4 Qe6 (32... Qd1+ 33. Kb2 Qd4+ 34. Kb3 Qxe5 35. Qxe5 Nxe5 36. c4 f5 37. b5
a5 $1 $19) 33. Qg2 Kf8 34. a4 Nxe5 35. Qa8+ Kg7 36. b5 axb5 37. axb5 Nc4 38.
Qg2+ Kf6 39. Qf3+ Ke5 40. Qe2+ Kd4 41. Qf2+ Kc3 0-1

[Event "Pamplona 9697 7th"]
[Site "Pamplona"]
[Date "1996.??.??"]
[Round "5"]
[White "De la Villa Garcia, Jesus Maria"]
[Black "Azmaiparashvili, Zurab"]
[Result "1/2-1/2"]
[WhiteElo "2495"]
[BlackElo "2670"]
[Annotator "Donev,I"]
[PlyCount "58"]
[EventDate "1996.12.??"]
[EventType "tourn"]
[EventRounds "9"]
[EventCountry "ESP"]
[EventCategory "13"]
[SourceTitle "CBM 057"]
[Source "ChessBase"]
[SourceDate "1997.04.01"]
[SourceVersion "1"]
[SourceVersionDate "1997.04.01"]
[SourceQuality "1"]

1. e4 e5 2. Nf3 Nc6 3. Bb5 g6 4. d4 exd4 5. Bg5 Be7 6. Bxe7 Qxe7 7. Bxc6 (7.
O-O Nf6 8. e5 Nh5 9. Bxc6 dxc6 10. Qxd4 O-O 11. Nc3 (11. Rd1 Bf5 12. Na3 $14)
11... Rd8 12. Qe3 f5 13. Rad1 $14) 7... bxc6 8. Qxd4 Nf6 9. Nc3 c5 10. Qe5 Qxe5
11. Nxe5 O-O 12. f3 (12. O-O-O $5 Re8 13. Nd3 c4 14. Nf4 Nxe4 15. Rhe1 Nd6 16.
Rxe8+ Nxe8 17. Rd4 $1 $14) 12... d5 $2 {[%csl Rc5,Rc7] Nach diesem Zug bekommt
Weiß dauerhaften Vorteil, wegen der schwachen schwarzen Bauern am Damenflügel.}
(12... d6 $142 13. Nd3 Rb8 $14) 13. exd5 $16 Re8 14. f4 Ng4 15. O-O Ne3 16. Rf2
Bf5 17. Rc1 Rad8 (17... g5) 18. Nc6 Ra8 19. Re2 (19. h3 $16) 19... Bg4 20. Ree1
(20. Rxe3 Rxe3 21. Ne5 Bf5 22. Kf2 Rxc3 23. bxc3 $16) 20... Bf5 21. Re2 Bg4 22.
Ree1 Bf5 23. h3 Nxc2 24. Rxe8+ Rxe8 25. g4 Bd3 26. Ne5 c4 27. Nxc4 (27. b3 $1
f6 28. Nxc4 $16) 27... Bxc4 28. Rxc2 Re3 29. Kg2 Rd3 1/2-1/2